000 00284nam a22001337a 4500
008 181030b xxu||||| |||| 00| 0 eng d
020 _a9780030977152
041 _aeng
080 _a531
100 _a43
101 _aFIZ
245 _aPrinciples Physics
_cSrway
942 _2udc
_cBK
999 _c51086
_d51086